Statistics for Countries Fifth Harmony has been

Click here to take the quiz!

General Stats

  • This quiz has been taken 24 times
    (11 since last reset)
  • The average score is 20 of 40

Answer Stats

HintAnswer% Correct
South AmericaBrazil
83%
Asia4-pieceChina
83%
EuropeFrance
83%
AsiaJapan
83%
EuropePortugal
83%
EuropeSpain
83%
EuropeUnited Kingdom
83%
North AmericaUnited States of America
83%
OceaniaAustralia
67%
EuropeBelgium
67%
North AmericaCanada
67%
South AmericaCamila, LaurenColombia
67%
EuropeGermany
67%
EuropeItaly
67%
North AmericaMexico
67%
South AmericaArgentina
50%
North AmericaCamilaCuba
50%
EuropeNetherlands
50%
OceaniaNew Zealand
50%
South AmericaPeru
50%
EuropeSweden
50%
EuropeSwitzerland
50%
EuropeDenmark
33%
North America4-pieceGuatemala
33%
EuropeIreland
33%
EuropeLuxembourg
33%
EuropeNorway
33%
North America4-piecePanama
33%
Asia4-pieceSingapore
33%
Asia4-pieceTaiwan
33%
Asia4-pieceThailand
33%
OceaniaDinahTonga
33%
AsiaUnited Arab Emirates
33%
North AmericaBahamas
17%
South AmericaChile
17%
North America4-pieceCosta Rica
17%
North AmericaCamilaDominican Republic
17%
Asia4-pieceIndonesia
17%
AsiaMalaysia
17%
Asia4-piecePhilippines
17%

Score Distribution

Percentile by Number Answered

Percent of People with Each Score

Your Score History

You have not taken this quiz since the last reset